Mobilpiaci platform háború

Bibliográfiai részletek
Szerző: Törzsök Róbert
További közreműködők: Hrabovszki Zsuzsa
Dokumentumtípus: Diplomadolgozat
Kulcsszavak:Mobilpiac
Mobilszolgáltatók
Google
Apple
Online Access:http://dolgozattar.uni-bge.hu/3888

MARC

LEADER 00000nta a2200000 i 4500
001 dolg3888
005 20160922101900.0
008 151207suuuu hu om 000 hun d
040 |a BGE Dolgozattár Repozitórium  |b hun 
041 |a hu 
100 1 |a Törzsök Róbert 
245 1 0 |a Mobilpiaci platform háború  |c Törzsök Róbert  |h [elektronikus dokumentum] 
246 1 1 |a Mobilpiaci platform háború 
695 |a Mobilpiac 
695 |a Mobilszolgáltatók 
695 |a Google 
695 |a Apple 
700 1 |a Hrabovszki Zsuzsa  |e ths 
856 4 0 |u http://dolgozattar.uni-bge.hu/3888/1/Mobilpiaci%20platform%20h%C3%A1bor%C3%BA.pdf  |z Dokumentum-elérés